UM Logo

Traffic accident rate in Digos City for the past 3 years/ (Record no. 2426)

MARC details
000 -LEADER
fixed length control field 00505nam a22001457a 4500
008 - FIXED-LENGTH DATA ELEMENTS--GENERAL INFORMATION
fixed length control field 160512b xxu||||| |||| 00| 0 eng d
082 ## - DEWEY DECIMAL CLASSIFICATION NUMBER
Edition number 2014
Classification number UT 0514
Item number Al18
100 ## - MAIN ENTRY--PERSONAL NAME
9 (RLIN) 7996
Personal name Alconera, Crislyn E.
245 ## - TITLE STATEMENT
Title Traffic accident rate in Digos City for the past 3 years/
Statement of responsibility, etc. Crislyn E. Alconera and Len May C. Rivas.
260 ## - PUBLICATION, DISTRIBUTION, ETC. (IMPRINT)
Place of publication, distribution, etc. Digos City:
Name of publisher, distributor, etc. UMDC
Date of publication, distribution, etc. July 2014.
300 ## - PHYSICAL DESCRIPTION
Extent 32 pages;
Dimensions 29.5 cm.
650 #0 - SUBJECT ADDED ENTRY--TOPICAL TERM
9 (RLIN) 7995
Topical term or geographic name as entry element Criminology
General subdivision Undergraduate thesis.
700 ## - ADDED ENTRY--PERSONAL NAME
9 (RLIN) 7994
Personal name Rivas, Len May C.
942 ## - ADDED ENTRY ELEMENTS (KOHA)
Source of classification or shelving scheme Dewey Decimal Classification
Koha item type Undergraduate Thesis
Holdings
Withdrawn status Lost status Source of classification or shelving scheme Damaged status Not for loan Collection code Home library Current library Date acquired Total Checkouts Full call number Barcode Date last seen Price effective from Koha item type
    Dewey Decimal Classification     Undergraduate Theses UM Digos College - LIC UM Digos College - LIC 05/12/2016   UT 0514 Al18 2014 UT0514 05/12/2016 05/12/2016 Undergraduate Thesis